| 000 | 00431nam a2200181Ia 4500 | ||
|---|---|---|---|
| 001 | 791 | ||
| 005 | 20260306140544.0 | ||
| 008 | 260306t2019||||xx |||||||||||||| ||spa|| | ||
| 041 | _aESP | ||
| 082 |
_a170 _bA39 |
||
| 100 |
_aAlegría Varona, Ciro _eAUT |
||
| 245 | 0 | _aManual de principios y problemas éticos | |
| 260 | _c2019 | ||
| 300 |
_a389 páginas : _c24 cm. |
||
| 650 | _aGEN | ||
| 654 | _aCHU | ||
| 942 |
_cLIB _dJUS _fJUS _2ddc _n |
||
| 999 |
_c791 _d791 |
||